Environmental management at airports : (Record no. 143332)

MARC details
000 -LEADER
fixed length control field 00965cam a2200253 a 4500
008 - FIXED-LENGTH DATA ELEMENTS--GENERAL INFORMATION
fixed length control field
020 ## - INTERNATIONAL STANDARD BOOK NUMBER
International Standard Book Number 0727725203 (hbk.)
049 ## - LOCAL HOLDINGS (OCLC)
Holding library MAIN
090 ## - LOCALLY ASSIGNED LC-TYPE CALL NUMBER (OCLC); LOCAL CALL NUMBER (RLIN)
Classification number (OCLC) (R) ; Classification number, CALL (RLIN) (NR) TD195.A36
003 - CONTROL NUMBER IDENTIFIER
control field
005 - DATE AND TIME OF LATEST TRANSACTION
control field 20230123133132.0
040 ## - CATALOGING SOURCE
Transcribing agency NUST
245 00 - TITLE STATEMENT
Title Environmental management at airports :
Remainder of title liabilities and social responsibilities /
Statement of responsibility, etc. edited by Nadine Tunstall Pedoe, David Raper and John Holden.
260 ## - PUBLICATION, DISTRIBUTION, ETC.
Place of publication, distribution, etc. London :
Name of publisher, distributor, etc. Thomas Telford,
Date of publication, distribution, etc. 1996.
300 ## - PHYSICAL DESCRIPTION
Extent 251 p. :
Other physical details ill., maps ;
Dimensions 25 cm.
650 #0 - SUBJECT ADDED ENTRY--TOPICAL TERM
Topical term or geographic name entry element Airports
General subdivision Environmental aspects
Form subdivision Congresses.
650 #0 - SUBJECT ADDED ENTRY--TOPICAL TERM
Topical term or geographic name entry element Environmental management
Form subdivision Congresses.
700 1# - ADDED ENTRY--PERSONAL NAME
Personal name Tunstall Pedoe, Nadine.
700 1# - ADDED ENTRY--PERSONAL NAME
Personal name Raper, David
700 1# - ADDED ENTRY--PERSONAL NAME
Personal name Holden, John
711 2# - ADDED ENTRY--MEETING NAME
Meeting name or jurisdiction name as entry element International Conference on Environmental Management at Airports : Libilities and Social Responsibilities
Date of meeting or treaty signing (1995 :
Location of meeting Manchester, England)
907 ## - LOCAL DATA ELEMENT G, LDG (RLIN)
a .b10016946
b 16-09-05
c 17-04-03
942 ## - ADDED ENTRY ELEMENTS (KOHA)
Koha item type Ordinary Loan Books
Call number prefix TD195.A36
Holdings
Date last seen Total Checkouts Full call number Barcode Cost, replacement price Price effective from Koha item type Lost status Source of classification or shelving scheme Damaged status Not for loan Collection Withdrawn status Home library Current library Shelving location Date acquired Cost, normal purchase price
01/23/2023   TD195.A36 ENV 92003016374 80.00 01/23/2023 BOOKS   LCC     NFIC   MAIN MAIN GEN 01/23/2023 80.00